=LDR 00000nam 2200000 4500 =001 INLIS000000000053054 =005 20180328101057 =035 ##$$a 0010-0318000281 =007 ta =008 180328###########################0###### =020 ##$$a 978-602-434-171-8 =082 ##$$a 707.1 =084 ##$$a 707.1 SUG s =100 #$$a Sugiyanto =245 1#$$a Seni budaya untuk SMA / MA kelas XI /$c Sugiyanto =260 ##$$a Jakarta :$b Erlangga,$c 2016 =300 ##$$a 342 hlm. : $b Ilus ; $c 25 cm =650 ##$$a Kesenian- studi & pengajaran =700 #$$a Padre Pio =504 ##$$a Bibliografi : hlm 346-347 =990 ##$$a 65856585 =990 ##$$a 65856585 =990 ##$$a 65856585 =990 ##$$a 21711226 =990 ##$$a 01201806585 =990 ##$$a 01201806586 =990 ##$$a 21711227 =990 ##$$a 01201806585 =990 ##$$a 21711226 =990 ##$$a 21711228 =990 ##$$a 21711227 =990 ##$$a 21711226